[Event "Enschede op-D U14"]
[Site "Enschede"]
[Date "2009.08.03"]
[Round "9"]
[White "Bergen, Lorenzo"]
[Black "Van Roy, Arno"]
[Result "1-0"]
[WhiteElo "749"]
[BlackElo "700"]
[PlyCount "55"]
[EventDate "2009.08.03"]
[EventType "swiss"]
[EventRounds "9"]
[EventCountry "NED"]
[SourceTitle "CBM 132 Extra"]
[Source "ChessBase"]
[SourceDate "2009.11.03"]
[SourceVersion "1"]
[SourceVersionDate "2009.11.03"]
[SourceQuality "1"]

1. e4 e5 2. Nf3 Nc6 3. Nc3 Nf6 4. Bc4 Bb4 5. 0-0 0-0 6. d3 Bxc3 7. bxc3 d5 8. exd5 Nxd5 9. Bg5 f6 10. Bh4 Be6 11. Nxe5 Nxe5 12. Qe1 Qd6 13. Bg3 Nxc3 14. Qxc3 Qc5 15. d4 Qxc4 16. Qxc4 Bxc4 17. Rfd1 Nf7 18. Bxc7 Be2 19. Rd2 Rfe8 20. d5 Rac8 21. d6 a5 22. Bxa5 h6 23. d7 Ra8 24. Bb4 Reb8 25. Rxe2 Rd8 26. Rd1 f5 27. Be7 Rdb8 28. Bh4 1-0